000 00964nam a2200289 a 4500
001 BRL_833
005 20190320210922.0
008 171013c1985----mx-a######---#000-0#spa-#
020 _a9687009063
041 _aspa
044 _amx
050 4 _aNK2444
_b.M84 1985
245 1 0 _aEl mueble mexicano
_bhistoria, evolución e influencias
_cCarmen Aguilera ... [et al.] ; fotografía Ludwig Iven, Michel Zabé, Manuel Zavala.
260 _aMéxico
_bFomento Cultural Banamex
_c1985
300 _a219 p.
_bil. (algunas a color)
_c33 cm.
500 _aIncluye glosario de términos
500 _aVer también No. de Sistema 1085 (2 ej.) Fondo Contemporáneo
500 _aAu902
504 _aBibliografía : p. 216-219
650 1 4 _aMuebles
_xHistoria
_zMéxico
_93569
700 1 _aAguilera, Carmen
_94679
700 1 _aIven, Ludwig
_eil.
_99803
700 1 _aZabé, Michel
_eil.
_938
700 1 _aZavala, Manuel
_eil.
_925080
902 _aGRL
942 _2lcc
_cB
999 _c9645
_d9645